| 000 | 00357 a2200133 4500 | ||
|---|---|---|---|
| 001 | 155239 | ||
| 040 | _cEscola São Tomás de Aquino | ||
| 100 | _aMarco Haurélio | ||
| 240 | 1 | 0 |
_aA história de amor de Pitá e Moroti _lpor |
| 245 | 1 | 0 | _aA história de amor de Pitá e Moroti |
| 362 | 0 | _a2013 | |
| 697 | _aFolclore / Adivinhações / Lendas | ||
| 942 | _cBK | ||
| 999 |
_c155239 _d155239 |
||